| 000 | 01013nam a2200229Ia 4500 | ||
|---|---|---|---|
| 001 | L193-1829 | ||
| 003 | IT-CnALBA | ||
| 008 | 170116s9999||||xx |||||||||||||| ||und|| | ||
| 040 |
_aIT-CnALBA _cIT-CnALBA |
||
| 041 | _aITALIANO | ||
| 100 | _aHEGEL FRIEDRICH | ||
| 245 | 0 | _aFENOMENOLOGIA DELLO SPIRITO. VOL. II. | |
| 250 | _a2a ed. | ||
| 260 |
_a FI, VARESE, VE. _bLA NUOVA ITALIA EDIT. _c1967 [1° Ed.:1936] |
||
| 300 | _a312 p. | ||
| 500 | _aTRADUZIONE DI DE NEGRI ENRICO. LO SPIRITO. ETICITA'. LA CULTURA. ILLUMINISMO. LIBERTÀ ASSOLUTA. MORALITÀ. RELIGIONE: NATURALE ARTISTICA DISVELATA. IL SAPERE ASSOLUTO. | ||
| 501 | _aSocietà San Paolo EM - Piazza San Paolo, 14 - 12051 ALBA (CN) (non commercial uses only) ® Copyright 2017 | ||
| 520 | _aTRADUZIONE DI DE NEGRI ENRICO. LO SPIRITO. ETICITA'. LA CULTURA. ILLUMINISMO. LIBERTÀ ASSOLUTA. MORALITÀ. RELIGIONE: NATURALE ARTISTICA DISVELATA. IL SAPERE ASSOLUTO. | ||
| 650 | _aFILOSOFIA TEDESCO-AUSTRIACA | ||
| 942 | _cBK | ||
| 957 | _71 | ||
| 999 |
_a2810 _bNO _g Copie: 1 _c261047 _d261047 |
||